[Event "Magistral"]
[Site "Alzira Oliva Alcudia ESP"]
[Date "2010.02.16"]
[Round "6"]
[White "Abreu Delgado,A"]
[Black "Bellon Lopez,JuM"]
[Result "1/2-1/2"]
[WhiteElo "2484"]
[BlackElo "2440"]

1.e4 c5 2.Nf3 e6 3.d4 cxd4 4.Nxd4 Nc6 5.Nc3 Qc7 6.Be3 Nf6 7.Ndb5 Qb8 8.f4 e5
9.fxe5 Nxe5 10.Nd5 Nxd5 11.Qxd5 a6 12.Ba7 Rxa7 13.Nxa7 d6 14.Nxc8 Qxc8 15.O-O-O Be7
16.Be2 O-O 17.Rhf1 Qc7 18.Kb1 Rc8 19.c3 Bf8 20.Rd2 Qb6 21.Qd4 Qc6 22.Bd1 Qb5
23.Rdf2 Rc4 24.Qd5 Qxd5 25.exd5 Rc5 26.h3 g6 27.Bb3 h5 28.a4 f5 29.Ba2 Bg7
30.Rc2 b5 31.axb5 axb5 32.Bb3 Rc7 33.Re2 Kh7 34.Kc2 b4 35.Rf4 bxc3 36.bxc3 Kh6
37.Ra4 Nd7 38.Rc4 Nc5 39.Re8 Bf6 40.Kd1 Ra7 41.Rxc5 dxc5 42.Kc2 Re7 43.Ba4 Rxe8
44.Bxe8 Be5 45.Kd3 g5 46.Kc4 g4 47.hxg4 fxg4 48.Kxc5 h4 49.d6 Bxc3 50.Bc6 Kg5
51.d7 Ba5 52.Kd6 Kf4 53.Ke7 Kg3 54.d8=Q Bxd8+ 55.Kxd8 h3 56.gxh3 Kxh3 57.Bd7 Kh4
58.Bxg4 Kxg4  1/2-1/2

[Event "BSF 75th Ann."]
[Site "Bronshoj DEN"]
[Date "2010.02.16"]
[Round "3"]
[White "Skovgaard,Pe2"]
[Black "Petersen,Nil"]
[Result "1-0"]
[WhiteElo "2279"]
[BlackElo "2059"]

1.e4 c5 2.Nf3 e6 3.d4 cxd4 4.Nxd4 Nc6 5.Nc3 a6 6.Nxc6 bxc6 7.Bd3 d5 8.O-O Nf6
9.Re1 Bb7 10.Bg5 Be7 11.e5 Nd7 12.Bxe7 Qxe7 13.b4 O-O 14.Rb1 Rfb8 15.Na4 Bc8
16.c3 a5 17.b5 cxb5 18.Bxb5 Ra7 19.Bxd7 Rxb1 20.Qxb1 Bxd7 21.Qb8+ Be8 22.Rb1 Kf8
23.h3 Qc7 24.Rb3 Qxb8 25.Rxb8 Rc7 26.Ra8 Rc4 27.Nb6 Rc6 28.Nc8 Rc7 29.Nd6 Re7
30.a4 g6 31.h4 h5 32.g3  1-0

[Event "BSF 75th Ann."]
[Site "Bronshoj DEN"]
[Date "2010.02.17"]
[Round "4"]
[White "Brinck Claussen,B"]
[Black "Rasmussen,A"]
[Result "1/2-1/2"]
[WhiteElo "2300"]
[BlackElo "2542"]

1.e4 c5 2.Nf3 e6 3.d4 cxd4 4.Nxd4 Nc6 5.Nc3 Qc7 6.Be2 a6 7.Be3 Nf6 8.O-O Be7
9.f4 d6 10.a4 O-O 11.Kh1 Re8 12.Qe1 Rb8 13.Qg3 Nd7 14.e5 g6 15.Rad1 Nxd4
16.Bxd4 b6 17.Ne4 d5 18.Nc3 Bc5 19.h4 Bb7 20.h5 Bxd4 21.Rxd4 Nc5 22.h6 Qe7
23.Rfd1 Bc6 24.Bf3 f6 25.b4 Nxa4 26.Bxd5 exd5 27.Nxd5 Bxd5 28.Rxd5 Rbd8 29.Rxd8 Rxd8
30.Qb3+ Kf8 31.Rxd8+ Qxd8 32.Qxa4 fxe5 33.Qxa6 exf4 34.Qb7 Qh4+ 35.Kg1 Qe1+
36.Kh2 Qg3+ 37.Kh1 Qh4+ 38.Kg1 Qe1+ 39.Kh2 Qg3+ 40.Kh1 Qh4+  1/2-1/2

[Event "BSF 75th Ann."]
[Site "Bronshoj DEN"]
[Date "2010.02.17"]
[Round "4"]
[White "Andersen,A"]
[Black "Andersen,Mad"]
[Result "1/2-1/2"]
[WhiteElo "2200"]
[BlackElo "2300"]

1.e4 c5 2.Nf3 e6 3.d4 cxd4 4.Nxd4 Nc6 5.Nc3 Qc7 6.g3 a6 7.Bg2 d6 8.O-O Bd7
9.Re1 Be7 10.Nxc6 Bxc6 11.Qg4 h5 12.Qe2 h4 13.a4 hxg3 14.hxg3 Kf8 15.Be3 Qa5
16.Bf3 Nf6 17.Bd2 Qc7 18.Kg2 g6 19.Bg5 Kg7 20.Qd2 Rab8 21.Rad1 Rbd8 22.Rh1 Rxh1
23.Rxh1 Rh8 24.Bh6+ Kg8 25.Rd1 Ne8 26.Bg5 Bxg5 27.Qxg5 Kg7 28.Qd2 Qb6 29.b3 Qc5
30.Ne2 Qe5 31.Qd4 Qxd4 32.Nxd4 Kf6 33.e5+ Kxe5 34.Bxc6 bxc6 35.Nxc6+ Kf6
36.Nb4 a5 37.Nc6 Rh5 38.b4 axb4 39.Nxb4 Ra5 40.Ra1 Nc7 41.Kf1 Na6 42.Nxa6 Rxa6
43.Ke2 Ke5 44.Kd3 Kd5 45.c4+ Kc5 46.Kc3 e5 47.a5 Ra8 48.Ra4 Ra7  1/2-1/2

[Event "TCh-Eur Seniors"]
[Site "Dresden GER"]
[Date "2010.02.17"]
[Round "8"]
[White "Jansa,Vl"]
[Black "Mishuchkov,N"]
[Result "1/2-1/2"]
[WhiteElo "2495"]
[BlackElo "2396"]

1.e4 c5 2.Nf3 e6 3.Nc3 Nc6 4.d4 cxd4 5.Nxd4 Qc7 6.g3 a6 7.Bg2 d6 8.O-O Nf6
9.Re1 Rb8 10.Nxc6 bxc6 11.Na4 Be7 12.b3 O-O 13.Bb2 Nd7 14.Qd2 c5 15.Rad1 Bb7
16.Bc3 Bc6 17.Nb2 Nb6 18.Ba5 Qb7 19.Bxb6 Qxb6 20.Nc4 Qc7 21.Nxd6 Rfd8 22.e5 Bxg2
23.Kxg2 Qc6+ 24.Kg1 Bxd6 25.exd6 Rb6 26.d7 Rb7 27.Qa5 Rc7 28.Rd2 Rdxd7 29.Red1 Rxd2
30.Qxd2 h6 31.Qd8+ Kh7 32.Rd6 Qb7 33.c4 a5 34.a4 Rc8 35.Rd7 Qb8 36.Qe7 Qxb3
37.Qxf7 Qb1+ 38.Kg2 Qe4+ 39.Kh3 Rg8 40.Qf4 Qxf4 41.gxf4 Rb8 42.Rc7 Rb4 43.Rxc5 Rxa4
44.Kg4 Rb4 45.Rxa5  1/2-1/2

[Event "9th Aeroflot Open A"]
[Site "Moscow RUS"]
[Date "2010.02.17"]
[Round "9"]
[White "Amonatov,F"]
[Black "Maletin,P"]
[Result "1-0"]
[WhiteElo "2634"]
[BlackElo "2591"]

1.e4 c5 2.Nf3 Nc6 3.Nc3 e6 4.d4 cxd4 5.Nxd4 Qc7 6.Be3 a6 7.Qd2 Nf6 8.O-O-O Bb4
9.f3 O-O 10.g4 Ne5 11.g5 Nh5 12.a3 Bxc3 13.Qxc3 Qxc3 14.bxc3 d5 15.Be2 Ng6
16.c4 Nhf4 17.Bf1 e5 18.Nf5 d4 19.Bd2 f6 20.Bb4 Rf7 21.Nd6 Rc7 22.gxf6 gxf6
23.h4 h5 24.c3 a5 25.Nb5 Rc6 26.Bd6 d3 27.c5 b6 28.Bxd3 Nxd3+ 29.Rxd3 Nf4
30.Rd2 bxc5 31.Rhd1 c4 32.Kc2 Kf7 33.a4 Nd3 34.Rg1 Bh3 35.Ba3 Rd8 36.Rh2 Nf4
37.Bc1 Bd7 38.Bxf4 exf4 39.Rhg2 Rc5 40.Rg7+  1-0

[Event "Uxbridge Int Tal"]
[Site "Uxbridge ENG"]
[Date "2010.02.17"]
[Round "9"]
[White "McKenna,Jas"]
[Black "Thomassen,T"]
[Result "1/2-1/2"]
[WhiteElo "2147"]
[BlackElo "2033"]

1.e4 c5 2.Nf3 e6 3.d4 cxd4 4.Nxd4 Nc6 5.Nc3 Qc7 6.g3 Nf6 7.Bg2 a6 8.O-O Be7
9.Re1 Nxd4 10.Qxd4 d6 11.h3 O-O 12.Bg5 h6  1/2-1/2

[Event "Magistral"]
[Site "Alzira Oliva Alcudia ESP"]
[Date "2010.02.18"]
[Round "8"]
[White "Castellanos Rodriguez,R"]
[Black "Bellon Lopez,JuM"]
[Result "1-0"]
[WhiteElo "2438"]
[BlackElo "2440"]

1.e4 c5 2.Nf3 e6 3.d4 cxd4 4.Nxd4 Nc6 5.Nc3 Qc7 6.Be2 a6 7.O-O Nf6 8.Be3 Be7
9.f4 d6 10.a4 Bd7 11.Kh1 Rc8 12.Nb3 O-O 13.a5 Nb4 14.Bf3 d5 15.e5 Ne8 16.Bb6 Qb8
17.Rf2 f6 18.f5 Qxe5 19.Re2 Qxf5 20.Nd4 Qg6 21.Nxe6 Bxe6 22.Rxe6 Bd6 23.Nxd5 Nxd5
24.Qxd5 Kh8 25.Rxd6 Nxd6 26.Qxd6 Qxc2 27.Bxb7 Qxb2 28.Rg1 Rb8 29.Bxa6 Rfe8
30.h3 Qb3 31.Qc7 Qd5 32.Bc4 Qe4 33.Bb5 Rec8 34.Qd6 Ra8 35.Bd3 Qa4 36.Qd5 g6
37.Be4 Rab8 38.Bf3 Qe8 39.Qd6 Kg7 40.a6 Rc4 41.a7 Rbc8 42.Bb7 Ra4 43.Bxc8  1-0

[Event "BSF 75th Ann."]
[Site "Bronshoj DEN"]
[Date "2010.02.18"]
[Round "6"]
[White "Jorgensen,R"]
[Black "Petersen,PB"]
[Result "1-0"]
[WhiteElo "2015"]
[BlackElo "2203"]

1.e4 c5 2.Nf3 e6 3.d4 cxd4 4.Nxd4 Nc6 5.Nc3 Qc7 6.Ndb5 Qb8 7.Be3 a6 8.Bb6 axb5
9.Nxb5 Bb4+ 10.c3 Ba5 11.Nc7+ Qxc7 12.Bxc7 Bxc7 13.Qg4 g6 14.f4 Nge7 15.Bd3 O-O
16.O-O f5 17.exf5 Nxf5 18.Qe2 Nce7 19.g3 Bb6+ 20.Kh1 Ne3 21.Rf3 N7f5 22.h3 Nd5
23.Kh2 Bc7 24.Bxf5 Rxf5 25.a3 b5 26.Rd1 Bb7 27.Qxb5 Bc6 28.Qe2 Raf8 29.c4 Nf6
30.Rff1 g5 31.fxg5 Ne4 32.Rxf5 Rxf5 33.Rxd7 Bxg3+ 34.Kg1 Nxg5 35.Rd8+ Kg7
36.Qg4 Bf2+ 37.Kf1 Bh4+ 38.Kg1 h5 39.Qd4+ Rf6 40.Qa7+ Nf7 41.Rd2 Bg3 42.b4 Kg6
43.b5 Be4 44.Qe3 Ng5 45.Qxg3 Rf3 46.Qb8 Rxh3 47.Qg8+ Kf5 48.Qf8+ Kg4 49.Qg7 Rh1+
50.Kf2 Rh2+ 51.Ke3 Rxd2 52.Kxd2 h4 53.Ke3 e5 54.Qxe5  1-0

[Event "BSF 75th Ann."]
[Site "Bronshoj DEN"]
[Date "2010.02.19"]
[Round "8"]
[White "Picard,Ro"]
[Black "Andersen,Mad"]
[Result "1/2-1/2"]
[WhiteElo "2365"]
[BlackElo "2300"]

1.e4 c5 2.Nf3 e6 3.d4 cxd4 4.Nxd4 Nc6 5.Nc3 Qc7 6.Be2 a6 7.O-O Nf6 8.Be3 Bb4
9.Na4 Be7 10.Nxc6 bxc6 11.Nb6 Rb8 12.Nxc8 Qxc8 13.Bd4 Qc7 14.e5 Nd5 15.c4 Nf4
16.Bf3 O-O 17.Re1  1/2-1/2

[Event "26th Open"]
[Site "Cappelle la Grande FRA"]
[Date "2010.02.19"]
[Round "8"]
[White "Libiszewski,F"]
[Black "Kovalyov,A"]
[Result "1/2-1/2"]
[WhiteElo "2499"]
[BlackElo "2601"]

1.e4 c5 2.Nf3 e6 3.d4 cxd4 4.Nxd4 Nc6 5.Nc3 a6 6.Be2 d6 7.O-O Nf6 8.f4 Be7
9.Nxc6 bxc6 10.e5 dxe5 11.fxe5 Nd7 12.Bf4 Qa5 13.Ne4 O-O 14.Qd4 Bd8 15.Kh1 Bb6
16.Qd6 Ra7 17.b4 Qd5 18.Bf3 Bc7 19.Qe7 Bd8 20.Qd6 Bc7 21.Qe7 Bd8 22.Qd6 Bc7  1/2-1/2

[Event "BSF 75th Ann."]
[Site "Bronshoj DEN"]
[Date "2010.02.20"]
[Round "9"]
[White "Petersen,PB"]
[Black "Petersen,Nil"]
[Result "1/2-1/2"]
[WhiteElo "2203"]
[BlackElo "2059"]

1.e4 c5 2.Nf3 e6 3.d4 cxd4 4.Nxd4 Nc6 5.Nc3 a6 6.Be3 Nf6 7.Be2 Bb4 8.Nxc6 dxc6
9.Qxd8+ Kxd8 10.O-O-O+ Ke8 11.Na4 Nd7 12.Nb6 Nxb6 13.Bxb6 Be7 14.f4 f6 15.Bc4 Bd7
16.Rhe1 Bd8 17.Bc5 b5 18.Be2 Be7 19.Bd6 Bxd6 20.Rxd6 Ke7 21.e5 Rac8 22.Bf3 Rhd8
23.c4 fxe5 24.fxe5 Be8 25.c5 Bd7 26.Red1 Rc7 27.Kd2 Rf8 28.Ke3 Rf5 29.Ke4 g5
30.g3 Ra7 31.h4 gxh4 32.g4 Rg5 33.Rh1 h6 34.Rxh4 Rg6 35.Kf4 Ra8 36.Bxc6 Bxc6
37.Rxc6 Rf8+ 38.Ke3 Rg5 39.Rxh6 Rxe5+ 40.Kd4 Re1 41.Rh7+ Kf6 42.Rxa6 Kg6
43.Rh2 Rf4+ 44.Kd3 Rxg4 45.c6 Rc4 46.b3 Rc5 47.Rd2 Rec1 48.c7 Kf7 49.Ra7  1/2-1/2

[Event "26th Open"]
[Site "Cappelle la Grande FRA"]
[Date "2010.02.20"]
[Round "9"]
[White "Mamedov,Nid"]
[Black "Zakhartsov,Vi"]
[Result "1/2-1/2"]
[WhiteElo "2610"]
[BlackElo "2562"]

1.e4 c5 2.Nf3 e6 3.d4 cxd4 4.Nxd4 Nc6 5.Nc3 Qc7 6.Be3 a6 7.Qd2 Nf6 8.O-O-O Bb4
9.f3 Ne5 10.Nb3 b5 11.Qe1 Be7 12.f4 Ng6 13.e5 Ng4 14.Ne4 O-O 15.Bc5 Bb7 16.Nd6 Bd5
17.Rxd5 exd5 18.Qd1 Nf6 19.g3 Ne4 20.Qxd5 Nxc5 21.Nxc5 Rac8 22.b4 a5 23.Nxc8 Rxc8
24.Bd3 d6 25.exd6 Bxd6 26.Rd1 Bf8 27.Kb1 axb4 28.Ne4 Rd8 29.Qxb5 Ne7 30.Qh5 h6
31.Bb5 g6 32.Qe2 Bg7 33.Ba4 Kh7 34.Rxd8  1/2-1/2

[Event "Frauenbundesliga 2009-10"]
[Site "Germany GER"]
[Date "2010.02.20"]
[Round "6"]
[White "Gasik,An"]
[Black "Nill,J"]
[Result "1/2-1/2"]
[WhiteElo "2189"]
[BlackElo "2237"]

1.e4 c5 2.Nf3 e6 3.d4 cxd4 4.Nxd4 Nc6 5.Nc3 Qc7 6.Be3 a6 7.Qd2 b5 8.Nxc6 Qxc6
9.f3 b4 10.Ne2 Nf6 11.g4 h6 12.h4 d5 13.e5 Nd7 14.Nd4 Qc7 15.f4 Nc5 16.Bd3 h5
17.gxh5 Rxh5 18.O-O-O g6 19.Kb1 Na4 20.Be2 Rh8 21.h5 gxh5 22.f5 Rb8 23.Nb3 a5
24.Bxh5 Rg8 25.Qd4 Rg2 26.Rc1 Bd7 27.fxe6 Bxe6 28.Bf3 Rg3 29.Rh8 Rxf3 30.Bh6 Kd7
31.Bxf8 Qb6 32.Bc5 Nxc5 33.Nxc5+ Kc6 34.Rxb8 Qxb8 35.Na4 Qb5 36.b3 Rf1 37.Rxf1 Qxf1+
38.Kb2 Qe1 39.a3 bxa3+ 40.Kxa3 Qc1+ 41.Qb2 Qxb2+ 42.Nxb2 d4 43.Ka4 Kb6 44.b4 axb4
45.Kxb4 Kc6 46.c4 dxc3 47.Kxc3 Kd5 48.Nc4 Ke4  1/2-1/2

[Event "Brazil Open"]
[Site "Rio de Janeiro BRA"]
[Date "2010.02.20"]
[Round "2"]
[White "De Miranda,A"]
[Black "Barbosa,E"]
[Result "1/2-1/2"]
[WhiteElo "2079"]
[BlackElo "2379"]

1.e4 c5 2.Nf3 Nc6 3.Nc3 e6 4.d4 cxd4 5.Nxd4 Qc7 6.Be3 a6 7.Qd2 Nf6 8.f3 Bb4
9.a3 Be7 10.Nxc6 bxc6 11.Na4 Rb8 12.c4 O-O 13.Bd3 d6 14.O-O e5 15.b4 Qd8
16.Rfd1 Bb7 17.c5 d5 18.Qe2 a5 19.Nb6 d4 20.Bf2 Nd7 21.Nc4 axb4 22.axb4 Ra8
23.Bg3 Qc7 24.Qb2 Qb8 25.Rxa8 Bxa8 26.Qa3 h5 27.Ra1 h4 28.Be1 Bb7 29.Na5 Qc8
30.Qa4 Qc7 31.Bd2 Rb8 32.Bc4 Rf8  1/2-1/2

[Event "2nd MGU Open"]
[Site "Sofia BUL"]
[Date "2010.02.20"]
[Round "1"]
[White "Toshev,V"]
[Black "Tsekov,S"]
[Result "0-1"]
[WhiteElo "1870"]
[BlackElo "2227"]

1.e4 c5 2.Nf3 e6 3.d4 cxd4 4.Nxd4 Nc6 5.Nc3 a6 6.Be2 Qc7 7.a3 Nf6 8.Be3 b5
9.O-O Bb7 10.Kh1 Na5 11.Bf3 d6 12.Qd3 Nd7 13.Rfd1 Ne5 14.Qe2 Nac4 15.b3 Nb2
16.Ncxb5 axb5 17.Nxb5 Qd7 18.Rd2 Nbd3 19.Nxd6+ Bxd6 20.cxd3 Rxa3 21.Rxa3 Bxa3
22.d4 Nxf3 23.gxf3 O-O 24.Ra2 Ra8 25.Qd2 Bf8 26.Rxa8 Bxa8 27.Qa5 Bc6 28.Qc3 f5
29.Qc2 Bb7 30.Qd3 fxe4 31.fxe4 Qf7 32.Kg2 Qg6+ 33.Kf3 Qf5+ 34.Ke2 Bxe4 35.Qc3 Bd5
36.Kd2 Qb1  0-1

[Event "Frauenbundesliga 2009-10"]
[Site "Germany GER"]
[Date "2010.02.21"]
[Round "7"]
[White "Schoene,Mar"]
[Black "Erben,L"]
[Result "1-0"]
[WhiteElo "2265"]
[BlackElo "2023"]

1.e4 c5 2.Nf3 e6 3.d4 cxd4 4.Nxd4 Nc6 5.Nc3 Qc7 6.Be2 a6 7.Be3 Nf6 8.a3 Be7
9.f4 d6 10.Qd2 O-O 11.O-O-O Na5 12.Kb1 b5 13.g4 Bb7 14.Bf3 d5 15.e5 Ne4 16.Nxe4 dxe4
17.Bg2 Rfd8 18.Qe2 Bc5 19.Bf2 e3 20.Bxe3 Bxg2 21.Qxg2 Nc4 22.Bc1 Rac8 23.Qe4 Bb6
24.Nf3 a5 25.Rxd8+ Rxd8 26.b3 Nxa3+ 27.Bxa3 a4 28.Bd6 Qc3 29.Qd3 Qc6 30.b4 f6
31.Rd1 Bc7 32.Nd4  1-0

[Event "Frauenbundesliga 2009-10"]
[Site "Germany GER"]
[Date "2010.02.21"]
[Round "7"]
[White "Hippe,F"]
[Black "Petri,Bi"]
[Result "1-0"]
[WhiteElo "1950"]
[BlackElo "2089"]

1.e4 c5 2.Nf3 e6 3.d4 cxd4 4.Nxd4 Nc6 5.Nc3 Qc7 6.Be2 a6 7.Be3 b5 8.a3 Bb7
9.O-O Nf6 10.Kh1 b4 11.axb4 Bxb4 12.f3 O-O 13.Nxc6 Qxc6 14.Na4 d5 15.e5 Nd7
16.f4 Rfd8 17.Bd4 Bf8 18.Bd3 g6 19.Qg4 Bg7 20.Rf3 Rab8 21.Rg3 Bc8 22.c3 a5
23.Qh4 Ba6 24.Rh3 Nf8 25.Bc2 Bc4 26.Bc5 h6 27.Be3 h5 28.Bd4 Be2 29.Re3 Bg4
30.h3 Bf5 31.Bd1 Nd7 32.Qg5 Nf8 33.Rg3 Nh7 34.Qh4 Rb5 35.Be2 Rb7 36.Bc5 Re8
37.Bd6 Rb3 38.Be7 d4 39.Bf6 d3 40.Bxh5 d2 41.Bd1 Rb5 42.Be7 Qc4 43.Rf3 Be4
44.Rf2 Qd5 45.b3 Rb7 46.Bd6 Rc8 47.Ra2 Rxb3 48.Rfxd2 Qb5 49.Bxb3 Qxb3 50.Nc5 Qb1+
51.Kh2 Bd5 52.Rab2 Qc1 53.Rdc2 Qd1 54.Qf2 g5 55.f5 g4 56.Rd2 Qc1 57.hxg4 Qxc3
58.Rb3 Qc1 59.Rh3 Ng5 60.Rh5 Ne4 61.Nxe4 Bxe4 62.f6 Bg6 63.Rh3 Rc4 64.fxg7 f5
65.exf6  1-0

[Event "CMB Breizh Masters Men"]
[Site "Guingamp-Pabu FRA"]
[Date "2010.02.23"]
[Round "5"]
[White "Bailet,P"]
[Black "Massoni,M"]
[Result "1/2-1/2"]
[WhiteElo "2367"]
[BlackElo "2274"]

1.e4 c5 2.Nf3 e6 3.d4 cxd4 4.Nxd4 Nc6 5.Nc3 Qc7 6.Be2 Nf6 7.O-O a6 8.Be3 Bb4
9.Na4 Bd6 10.g3 b5 11.Nb6 Rb8 12.Nxc8 Rxc8 13.a4 Nxd4 14.Qxd4 O-O 15.axb5 axb5
16.c3 Qb8 17.Qd3 b4 18.Bd4 e5 19.Ba7 Qc7 20.Rfc1 Ra8 21.Be3 Rxa1 22.Rxa1 bxc3
23.bxc3 Bc5 24.Qc4 d6 25.Bxc5 dxc5 26.Rb1 g6 27.Rb5 Rc8 28.Qb3 Qd7 29.Rb7 Rc7
30.Rb8+ Kg7 31.Qb2 Qc6 32.f3 h5 33.Kf2 Ra7 34.Qd2 Rd7 35.Qe3 Qd5 36.Rb6 Rc7
37.Bc4 Rc8 38.Qd3 Qd8 39.Bd5 Rb8 40.Qc4  1/2-1/2

[Event "Masters B"]
[Site "Nancy FRA"]
[Date "2010.02.23"]
[Round "3"]
[White "Genzling,A"]
[Black "Fomichenko,E"]
[Result "1/2-1/2"]
[WhiteElo "2398"]
[BlackElo "2515"]

1.e4 c5 2.Nf3 e6 3.d4 cxd4 4.Nxd4 Nc6 5.Nc3 Qc7 6.g3 a6 7.Bg2 Nf6 8.O-O Be7
9.Re1 O-O 10.Nxc6 dxc6 11.e5 Rd8 12.Qf3 Nd5 13.h4 h6 14.Qg4 Kf8 15.Qe4 Kg8
16.Qg4 Kf8 17.Bf1 Nxc3 18.bxc3 b6 19.Qe4 Ke8 20.a4 Bb7 21.Bg2 Rab8 22.c4 c5
23.Qh7 Bxg2 24.Kxg2 Qc6+ 25.Kg1 Bf8 26.Be3 Rd7 27.c3 Rbd8 28.Qc2 Rb7  1/2-1/2

[Event "ch-IND National Teams"]
[Site "Gurgaon IND"]
[Date "2010.02.24"]
[Round "5"]
[White "Deepan,C"]
[Black "Joshi,GB"]
[Result "0-1"]
[WhiteElo "2492"]
[BlackElo "2272"]

1.Nf3 c5 2.e4 e6 3.d4 cxd4 4.Nxd4 Nc6 5.Nc3 Qc7 6.Be3 a6 7.Bd3 Nf6 8.O-O Ne5
9.h3 Bc5 10.Qe2 d6 11.f4 Ng6 12.Nb3 Bxe3+ 13.Qxe3 O-O 14.a4 b6 15.Ne2 Bb7
16.c4 Rab8 17.Nc3 Rfe8 18.Be2 Ba8 19.Rad1 Qc6 20.Bd3 Qc7 21.Rf2 Nd7 22.Bc2 Rbd8
23.Rfd2 Nf6 24.Bd3 d5 25.cxd5 exd5 26.e5 Bb7 27.Qd4 Nh5 28.Bxg6 hxg6 29.g4 Ng3
30.Qe3 Ne4 31.Nxd5 Bxd5 32.Rxd5 Rxd5 33.Rxd5 Qc2 34.Rd4 f5 35.Nd2 Qb1+ 36.Nf1 Qxb2
37.Rd1 Rc8 38.Ng3 Rc3 39.Nxe4 Rxe3  0-1

[Event "XIII Open"]
[Site "Malaga ESP"]
[Date "2010.02.24"]
[Round "6"]
[White "Recuero Guerra,D"]
[Black "Ivanov,Jo"]
[Result "1-0"]
[WhiteElo "2480"]
[BlackElo "2409"]

1.e4 c5 2.Nf3 e6 3.Nc3 Nc6 4.d4 cxd4 5.Nxd4 Qc7 6.Be3 a6 7.Qd2 Nf6 8.O-O-O Bb4
9.f3 Ne5 10.Nb3 b5 11.Qf2 Nc4 12.Bxc4 bxc4 13.Bb6 Qf4+ 14.Nd2 O-O 15.Ne2 Qb8
16.Nxc4 d5 17.exd5 exd5 18.Nd2 Bf5 19.Bd4 Rc8 20.Nc3 Be7 21.Qg3 Bd6 22.Qh4 Bg6
23.Rhf1 Rc6 24.f4 Qc8 25.f5 Bxf5 26.Qg5 Bg6 27.Bxf6 Rxc3 28.Bxc3 Ba3 29.Rf3 d4
30.bxa3 dxc3 31.Nb3  1-0

[Event "Masters B"]
[Site "Nancy FRA"]
[Date "2010.02.24"]
[Round "4"]
[White "Taddei,B"]
[Black "Fomichenko,E"]
[Result "1/2-1/2"]
[WhiteElo "2295"]
[BlackElo "2515"]

1.e4 c5 2.Nf3 e6 3.d4 cxd4 4.Nxd4 Nc6 5.Nc3 Qc7 6.Be3 Nf6 7.Be2 a6 8.a3 Be7
9.f4 d6 10.g4 Nxd4 11.Bxd4 e5 12.Bf2 Qa5 13.b4 Qc7 14.Qd3 exf4 15.g5 Nd7
16.Nd5 Qc6 17.Qb3 b5 18.a4 Bd8 19.O-O bxa4 20.Rxa4 Rb8 21.Ba7 Bb6+ 22.Nxb6 Nxb6
23.Bxb8 Nxa4 24.Ba7 O-O 25.Rxf4 Be6 26.Qd3 Nc3 27.Qxa6 Nxe2+ 28.Qxe2 Qb7
29.Bd4 Qxb4 30.c3 Qa5 31.e5 Rb8 32.Rf1 Ra8 33.Qe3 Qd5 34.Qf3 Qxf3 35.Rxf3 dxe5
36.Bxe5 Ra5 37.Re3 Kf8 38.h4 Ra2 39.Rd3 Re2 40.Bd6+ Ke8 41.Bc5 Re4 42.Rd4 Re1+
43.Kf2 Rc1 44.Rd3 f5 45.gxf6 gxf6 46.Bd4 Rc2+ 47.Ke1 f5 48.Rd2 Rc1+ 49.Rd1 Rc2  1/2-1/2

[Event "18th Fajr Open"]
[Site "Mashhad IRI"]
[Date "2010.02.26"]
[Round "10"]
[White "Hosseinipour,M"]
[Black "Mahjoob,M"]
[Result "0-1"]
[WhiteElo "2207"]
[BlackElo "2512"]

1.e4 c5 2.Nf3 Nc6 3.d4 cxd4 4.Nxd4 e6 5.Nc3 a6 6.Be3 Nf6 7.Be2 Bb4 8.Nxc6 bxc6
9.Qd3 d5 10.exd5 cxd5 11.O-O O-O 12.Bd4 Bd6 13.f4 Bb7 14.Qg3 Rc8 15.Kh1 Bc5
16.Qe3 Qb6 17.Bxc5 Qxc5 18.Qxc5 Rxc5 19.Rfd1 Rb8 20.Rab1 h6 21.Kg1 Bc8 22.a3 g5
23.g3 gxf4 24.gxf4 d4 25.Kf2 Kf8 26.Rxd4 Rxc3 27.bxc3 Rxb1 28.Rd8+ Ke7 29.Rxc8 Ra1
30.Bxa6 Rxa3 31.Bd3 Nd5 32.Kf3 Nxc3 33.Rh8 Nd5 34.Rxh6 Ra4 35.Be4 Nf6 36.Bd3 Nd5
37.Be4 Nxf4 38.Kxf4 f5 39.Ke3 Rxe4+ 40.Kd3 Re1 41.Kd2 Re5 42.Rh4 Rd5+ 43.Ke3 Rc5
44.c4 e5 45.Kd3 Kf6 46.Rh8 Kg5 47.h4+ Kf4 48.h5 e4+ 49.Kd4 Rc7 50.h6 Re7
51.Ra8 e3 52.Ra1 e2 53.Re1 Kf3 54.c5 Kf2 55.Rh1 e1=Q 56.Rxe1 Kxe1 57.Kd5 Rh7  0-1

[Event "Reykjavik Open"]
[Site "Reykjavik ISL"]
[Date "2010.02.26"]
[Round "3"]
[White "Vaarala,E"]
[Black "Bjornsson,Si"]
[Result "1/2-1/2"]
[WhiteElo "2032"]
[BlackElo "2317"]

1.e4 c5 2.Nf3 e6 3.d4 cxd4 4.Nxd4 Nc6 5.Nc3 Qc7 6.Be3 a6 7.Qd2 Nf6 8.f3 d6
9.O-O-O Bd7 10.g4 h6 11.h4 Ne5 12.Rg1 g6 13.g5 hxg5 14.hxg5 Nh5 15.f4 Nc4
16.Bxc4 Qxc4 17.Nde2 b5 18.Qd4 Qxd4 19.Bxd4 Rg8 20.Be3 b4 21.Nb1 Bc6 22.Nd2 Rc8
23.Nd4 Bb7 24.N4b3 f5 25.exf5 gxf5 26.Na5 Bd5 27.b3 Rc3 28.Rde1 Bg7 29.Nac4 Ke7
30.Nb1 Rxc4 31.bxc4 Bxc4 32.Rh1 Ng3 33.Rh7 Kf7 34.a3 a5 35.axb4 axb4 36.Bd2 Rb8
37.g6+ Kf6 38.Be3 e5 39.Nd2 Bb5 40.Nf3 Ne4 41.fxe5+ Kxg6 42.Rxg7+ Kxg7 43.exd6 Nxd6
44.Bf4 Rb6 45.Nd4 Nf7  1/2-1/2

[Event "GMA"]
[Site "Nancy FRA"]
[Date "2010.02.28"]
[Round "9"]
[White "Ninov,N"]
[Black "Pelletier,Y"]
[Result "1-0"]
[WhiteElo "2511"]
[BlackElo "2602"]

1.e4 c5 2.Nf3 e6 3.d4 cxd4 4.Nxd4 Nc6 5.Nc3 Qc7 6.f4 Nxd4 7.Qxd4 a6 8.Be3 b5
9.O-O-O Bb7 10.Bd3 Rc8 11.Kb1 f6 12.a4 e5 13.fxe5 fxe5 14.Qa7 bxa4 15.Nxa4 Ra8
16.Qb6 Qc6 17.Qxc6 Bxc6 18.Nb6 Rb8 19.Bxa6 Nf6 20.Nd5 Ba3 21.Rd3 Bxd5 22.Rxa3 Bxe4
23.Bc5 d5 24.Bd6 Rb6 25.Bxe5 O-O 26.Bd3 Re6 27.Bxe4 Nxe4 28.Bd4 Rg6 29.g3 Nd2+
30.Kc1 Nc4 31.Ra7 Rg4 32.c3 Re8 33.Rf1 Nd6 34.Rd7 Rg6 35.Bc5 Nc4 36.Rxd5 Ra6
37.Rdf5 Ra1+ 38.Kc2 Raa8 39.R1f4 g6 40.Rd5  1-0

[Event "Reykjavik Open"]
[Site "Reykjavik ISL"]
[Date "2010.02.28"]
[Round "6"]
[White "Grandelius,N"]
[Black "Thorhallsson,T"]
[Result "1-0"]
[WhiteElo "2515"]
[BlackElo "2426"]

1.e4 c5 2.Nf3 e6 3.d4 cxd4 4.Nxd4 Nc6 5.Nc3 d6 6.Be3 Nf6 7.f3 Be7 8.Qd2 O-O
9.O-O-O a6 10.g4 Nxd4 11.Bxd4 b5 12.Kb1 Nd7 13.h4 Bb7 14.a3 Rc8 15.g5 Ne5
16.Qf2 Nc4 17.Bxc4 Rxc4 18.Rhg1 b4 19.axb4 Rxb4 20.Bc5 Rc4 21.Ba3 Qc7 22.Rd3 Rb8
23.Rgd1 Bc6 24.Kc1 Be8 25.Qe3 Rc6 26.f4 Bf8 27.f5 Qa5 28.f6 Qe5 29.b3 Rbc8
30.Bb2 Qh2 31.Qe1 Qe5 32.Kb1 Qa5 33.Qe3 R6c7 34.Qg3 Bb5 35.Rf3 Qb4 36.h5 Be2
37.Nxe2 Rxc2 38.g6 Rxb2+ 39.Kxb2 Qxe4 40.gxf7+ Kh8 41.Nc3 Qb4 42.Rg1 Qd4
43.fxg7+ Bxg7  1-0

[Event "Reykjavik Open"]
[Site "Reykjavik ISL"]
[Date "2010.02.28"]
[Round "6"]
[White "Brynjarsson,E"]
[Black "Yurenok,M"]
[Result "0-1"]
[WhiteElo "1653"]
[BlackElo "1974"]

1.e4 c5 2.Nf3 e6 3.d4 cxd4 4.Nxd4 Nc6 5.Nc3 Qc7 6.Be3 a6 7.Nf3 Nf6 8.a3 b5
9.Be2 Be7 10.O-O Ng4 11.Qd2 Nxe3 12.Qxe3 d6 13.Rad1 O-O 14.Bd3 Bb7 15.Rfe1 Ne5
16.Nxe5 dxe5 17.Qh3 Bc5 18.Ne2 g6 19.Ng3 Kh8 20.Qg4 Rad8 21.h4 f5 22.exf5 exf5
23.Qg5 e4 24.Be2 Qe7 25.Qf4 Bd6 26.Qh6 e3 27.f4 Qc7 28.Rf1 Qg7 29.Qxg7+ Kxg7
30.Rd3 Bc5 31.Rc3 Bb6 32.Re1 Rd7 33.Nf1 Re8 34.Kh2 Kf6 35.Kh3 Rd6 36.Nh2 Rd4
37.Kg3 Rd6 38.Nf3 Rc8 39.Rxc8 Bxc8 40.Bd3 Bb7 41.Re2 h6 42.b3 Be4 43.Ne1 g5
44.b4 Rd8 45.fxg5+ hxg5 46.hxg5+ Kxg5 47.Kh2 Kg4 48.Kg1 Bb7 49.c4 bxc4 50.Bxc4 f4
51.Kf1 Rh8 52.Kg1 Kg3 53.a4 Rd8 54.Bd3 Rd4 55.b5 a5 56.Bc2 Be4 57.Bb3 Rb4
58.Bc2 Bxc2 59.Nxc2 Rxa4 60.Ne1 Ra1 61.Kf1 Rd1 62.Ra2 Rd2 63.Ra3 Rf2+ 64.Kg1 Rd2
65.Kf1 Kg4 66.Nf3 Rf2+ 67.Kg1 e2 68.Kh2 Rf1 69.Ra2 e1=Q 70.Nxe1 Rxe1 71.g3 fxg3+
72.Kg2 Rg1+  0-1

[Event "Reykjavik Open"]
[Site "Reykjavik ISL"]
[Date "2010.02.28"]
[Round "6"]
[White "Christensen,Es"]
[Black "Bjornsson,Si"]
[Result "0-1"]
[WhiteElo "2008"]
[BlackElo "2317"]

1.e4 c5 2.Nf3 e6 3.d4 cxd4 4.Nxd4 Nc6 5.Nc3 a6 6.Be2 Nge7 7.O-O Nxd4 8.Qxd4 Nc6
9.Qd3 Qc7 10.f4 b5 11.Bf3 d6 12.Kh1 Bb7 13.e5 dxe5 14.f5 Rd8 15.Qe3 exf5
16.Nd5 Qd7 17.Rd1 Be7 18.Nf6+ Bxf6 19.Rxd7 Rxd7 20.Bd2 O-O 21.Bc3 h6 22.a4 Bg5
23.Qb6 e4 24.Be2 b4 25.Bxb4 Nxb4 26.Qxb4 f4 27.Rf1 Rfd8 28.h4 Be7 29.Qb6 f3
30.Bxa6 Bxa6 31.Qxa6 Bxh4 32.gxf3 e3 33.Qc4 Rd4 34.Qb5 Rd2 35.Rg1 Bf2 36.Qe5 Bxg1
37.Kxg1 Rxc2  0-1

[Event "TCh-ISL 2009-10"]
[Site "Rekjavik ISL"]
[Date "2010.03.05"]
[Round "5"]
[White "Bjornsson,G"]
[Black "Bjornsson,Sv"]
[Result "1/2-1/2"]
[WhiteElo "2123"]
[BlackElo "2174"]

1.e4 c5 2.Nf3 e6 3.d4 cxd4 4.Nxd4 Nc6 5.Nc3 a6 6.Be2 Qc7 7.O-O Nf6 8.Kh1 Nxd4
9.Qxd4 Bc5 10.Qd3 b5 11.f4 Bb7 12.Bf3 O-O 13.e5 Ne8 14.Bxb7 Qxb7 15.Ne4 Be7
16.f5 f6 17.fxe6 dxe6 18.exf6 Nxf6 19.Nxf6+ Bxf6 20.c3 Rad8  1/2-1/2

[Event "TCh-ISL 2009-10"]
[Site "Rekjavik ISL"]
[Date "2010.03.06"]
[Round "7"]
[White "Berg,R"]
[Black "Hjartarson,J"]
[Result "0-1"]
[WhiteElo "2129"]
[BlackElo "2596"]

1.e4 c5 2.Nf3 e6 3.d4 cxd4 4.Nxd4 Nc6 5.Nc3 a6 6.Be2 Nge7 7.Be3 b5 8.a3 Nxd4
9.Qxd4 Nc6 10.Qd2 Be7 11.f4 Bb7 12.O-O O-O 13.Bf3 d6 14.a4 b4 15.Ne2 e5 16.f5 a5
17.c4 Nb8 18.b3 Nd7 19.Rad1 Ra6 20.Ng3 h6 21.Rfe1 Kh7 22.Nf1 Qa8 23.Qc2 g6
24.fxg6+ fxg6 25.Bf2 Nf6 26.h3 Rf7 27.Bh4 Qf8 28.Ne3 Nd7 29.Bxe7 Qxe7 30.Nd5 Qd8
31.Rf1 Nc5 32.Bg4 Bxd5 33.cxd5 Raa7 34.Qc4 Qg5 35.Be6 Qe3+ 36.Kh1 Rf4 37.Qb5 Nxe4
38.Rxf4 exf4 39.Qb8 Rg7  0-1